000 00806nam a2200265 u 4500
001 000020255
003 DO-SdBNP
005 20150714102810.0
008 100802s2004 dr a r 000 0 spa d
020 _a8482615327
040 _aBPJMB
_bspa
_cBPJMB
092 _a372.357
_bG943d
245 0 0 _aNaturaleza 3 :
_bguía didáctica /
_cClaudia Llibre, editora.
260 _aSanto Domingo :
_bSantillana,
_c2004.
300 _a135 p. :
_bil. ;
_c28 cm.
490 0 _aAmbar
_v3
500 _aEducación básica
521 2 _aPara estudiantes de primaria
650 4 _aCIENCIAS NATURALES
_xENSEÑANZA
_zREPÚBLICA DOMINICANA
700 1 _aLlibre, Claudia
_eed.
830 0 _aAmbar
_v3
942 _2ddc
_cBK
956 _aYLOCKWARD
_b10
_c20100802
_lBND02
_h1202
956 _aYLOCKWARD
_b10
_c20100802
_lBND02
_h1204
999 _c7956
_d7956